000 00564nam a2200217 a 4500
001 0001-2020
003 ELIB.Books
008 190617 2010 eng
020 _aKBTS
092 _a253.5
_bMur
100 _aMurry, Ezamo
245 _aAn Introduction to Pastoral Care & Counseling
260 _aDehli
_bCambridge
_c2009
300 _a342
_c29.5 Cm
650 _aCare & Counseling
856 _nKBTS Library
_uKBTS Elib
942 _2ddc
_cBK
990 _a2
998 _aEnglishbooks.elf
_ccat
_e2019-06-17
_mcat
_u2019-06-24
999 _c12020
_d12020